000
00423nam a2200145Ia 4500
008
090122s9999 xx 000 0 und d
082
_b
5434
_a
891.4681
100
_a
मेहता
_b
नरेश
245
_a
महा प्रस्थान
600
_a
मेहता
630
_a
महा प्रस्थान
700
_a
मेहता
730
_a
महा प्रस्थान
942
_c
BOOK
999
_c
29512
_d
29512